| 000 | 00589cam a2200229 4500 | ||
|---|---|---|---|
| 001 | M2275 | ||
| 008 | 090401t1995 xxu||||| |||| 00| 0 eng d | ||
| 035 | _a(Sirsi) u37570 | ||
| 041 | _aeng | ||
| 050 | _a690.551 | ||
| 110 |
_aInstitute of Hospital Engineering _93021 |
||
| 245 | _aProfessional directory 1995. | ||
| 260 |
_aPortsmouth _bInstitute of Hospital Engineering _c1995 |
||
| 300 | _a16p. ; 30cm. | ||
| 350 | _a0 | ||
| 650 |
_aBlock management _96220 |
||
| 650 | _aDIRECTORIES | ||
| 650 | _aHOSPITALS | ||
| 690 | _aBUILT ENVIRONMENT | ||
| 942 | _n0 | ||
| 948 | _c04/03/1997 | ||
| 999 |
_c90498 _d90498 |
||